Estadísticas para 15 Países más Poblados que Hablan una Lengua Romance

Haz click aquí para tomar la prueba!

Estadísticas generales

  • Esta prueba ha sido tomada 1,423 veces
    (356 desde el último reinicio)
  • La puntuación promedio es 13 de 15

Estadísticas de respuestas

Población País % Correcto
67.5 mFrancia
98%
60.5 mItalia
98%
46.8 mEspaña
98%
212 mBrasil
95%
129 mMéxico
95%
45.2 mArgentina
95%
50.9 mColombia
93%
28.4 mVenezuela
92%
33.0 mPerú
91%
19.1 mChile
88%
11.7 mBolivia
83%
17.6 mEcuador
81%
19.2 mRumania
64%
17.9 mGuatemala
60%
11.4 mHaití
33%

Distribución de puntuación

Porcentaje por número respondido

Porcentaje de gente con cada puntuación

Historial de tus puntuaciones

No has tomado esta prueba desde el último reinicio